| 000 | 00811nam0a22002291 4500 | ||
|---|---|---|---|
| 001 | rc\2308897 | ||
| 005 | 20110829141833.7 | ||
| 035 | _a(NLR Aleph) 006469102 | ||
| 090 |
_a5916149 _c5916149 |
||
| 100 | _a20110829g19771978|||y0rusy50 ca | ||
| 101 | 0 | _arus | |
| 102 | _aRU | ||
| 105 | _ay c ||||| | ||
| 200 | 1 |
_aЧто читать о Ставропольском крае _eРек. указ. лит. _fСтавроп. краев. науч. б-ка им. М.Ю. Лермонтова. Библиогр. отд. _g[Сост. Л.Г. Орудина] |
|
| 210 |
_aСтаврополь _cБ. и. _d1977 (вып. дан. 1978) |
||
| 215 |
_a[2], 94 с. _d20 |
||
| 702 | 1 |
_aОрудина _bЛ. Г. _4220 |
|
| 801 | 0 |
_aRU _bNLR _gpsbo |
|
| 801 | 1 |
_aRU _bELAR _2rusmarc |
|
| 852 |
_aNLR _jС К-1/6711 |
||
| 942 | _cBOOK | ||
| 980 | _aNB | ||